[Event "TUR-ch U07/12"]
[Site "Antalya"]
[Date "2023.01.24"]
[Round "4"]
[White "Tasdemir, Doruk"]
[Black "Sahbudak, Baris Cinar"]
[Result "0-1"]
[WhiteElo "1420"]
[BlackElo "1673"]
[PlyCount "72"]
[EventDate "2023.01.17"]
[EventType "swiss"]
[EventRounds "10"]
[EventCountry "TUR"]
[SourceTitle "EXT 2024"]
[Source "ChessBase"]
[SourceDate "2023.10.10"]
[SourceVersion "1"]
[SourceVersionDate "2023.10.10"]
[SourceQuality "1"]

1. b3 g6 2. Bb2 Nf6 3. Bxf6 exf6 4. c4 d5 5. e3 c5 6. cxd5 Qxd5 7. Nc3 Qd8 8. Nf3 Bg7 9. Rc1 0-0 10. Be2 Nc6 11. 0-0 f5 12. a3 Be6 13. Qc2 Qe7 14. Rb1 Rfd8 15. Bc4 Rac8 16. Ne2 a6 17. Nf4 b5 18. Nxe6 fxe6 19. Be2 e5 20. e4 Nd4 21. Nxd4 cxd4 22. Qd3 fxe4 23. Qxe4 Qxa3 24. Bg4 Rc7 25. f4 exf4 26. Rxf4 Rc1+ 27. Rf1 Rxb1 28. Rxb1 Qd6 29. Re1 Rf8 30. Bf3 a5 31. Qb7 d3 32. Qxb5 Qd4+ 33. Kh1 Qf2 34. Qd5+ Kh8 35. Qe4 Qxd2 36. Rd1 Qxd1+ 0-1